MAASAI MARA UNIVERSITY

LIBRARY CATALOGUE

Contact Us: +254 020 2685356/7 or 0774 057787

Box: 861-20500, NAROK, KENYA

Email: info@mmarau.ac.ke

Swahili made easy (Record no. 7002)

MARC details
000 -LEADER
fixed length control field 00553nam a22001937a 4500
003 - CONTROL NUMBER IDENTIFIER
control field OSt
005 - DATE AND TIME OF LATEST TRANSACTION
control field 20170518093858.0
008 - FIXED-LENGTH DATA ELEMENTS--GENERAL INFORMATION
fixed length control field 160708b xxu||||| |||| 00| 0 eng d
020 ## - INTERNATIONAL STANDARD BOOK NUMBER
International Standard Book Number 9.7899761001e+012
040 ## - CATALOGING SOURCE
Original cataloging agency mmu
Language of cataloging eng
Transcribing agency mmu
Modifying agency mmu
050 ## - LIBRARY OF CONGRESS CALL NUMBER
Classification number PL 8701
Item number .S24 2004
100 ## - MAIN ENTRY--PERSONAL NAME
Personal name Safari, J.F.
245 ## - TITLE STATEMENT
Title Swahili made easy
Statement of responsibility, etc. J.F. Safari
260 ## - PUBLICATION, DISTRIBUTION, ETC. (IMPRINT)
Place of publication, distribution, etc. Dar es Salaam
Name of publisher, distributor, etc. Tanzania publishing house Dar es Salaam
Date of publication, distribution, etc. 2004
300 ## - PHYSICAL DESCRIPTION
Extent viii,173p.
500 ## - GENERAL NOTE
General note swahili-english vocabulary
650 ## - SUBJECT ADDED ENTRY--TOPICAL TERM
Topical term or geographic name as entry element swahili made easy
942 ## - ADDED ENTRY ELEMENTS (KOHA)
Source of classification or shelving scheme Library of Congress Classification
Koha item type L

No items available.

© 2016 Maasai Mara University.